Arrêts du TER Paris-Chartres-Le Mans - Statistiques

Statistiques générales
  • Ce quiz a été pris 162 fois
  • Le résultat moyen est 11 sur 26
Statistiques - réponses
Réponse % Correct
Paris Montparnasse/Paris Vaugirard
94%
Chartres
93%
Le Mans
90%
Versailles-Chantiers
79%
Nogent-le-Rotrou
68%
Rambouillet
67%
Épernon
61%
Maintenon
61%
La Ferté-Bernard
46%
La Loupe
46%
Courville-sur-Eure
43%
Jouy
41%
Gazeran
37%
Connerré-Beillé
36%
Amilly-Ouerray
34%
Saint-Piat
34%
La Villette-Saint-Prest
26%
Champagné
20%
St-Aubin - St-Luperce
18%
Pontgouin
15%
St-Mars-la-Brière
12%
Le Theil-La Rouge
11%
Montfort-le-Gesnois
11%
Bretoncelles
8%
Sceaux-Boëssé
7%
Condé-sur-Huisne
5%
Aucun quiz correspondant
Distribution des résultats
% des personnes avec chaque résultat
Percentile par nombre de réponses
Votre historique - résultats
Vous n’avez pas pris ce quiz